000 01028cam a22002294a 4500
005 20250605164307.0
008 250528s ||||||||||||||||||||||||d
035 _a22298
020 _a9789603945529
040 _aGR-AtMCL
_bgre
_dGR-AtMCL
_eAACR2
245 1 _aΑνάπτυξη στην Παιδική Ηλικία / Ενδέκατη Έκδοση
250 _a11η
260 _bΕκδόσεις Παρισιάνου,
_c2008
300 _a756
520 _aΤο πιο ακριβές και ενημερωμένο σύγγραμμα στον τομέα του. Το δοκιμασμένο στην πράξη διδασκαλίας Santrock, με την προσιτή παρουσίαση και τις πολλές εφαρμογές, βοηθά την πλήρη κατανόηση του περιεχομένου.
700 1 _aSantrock John W
_94374
700 1 _aΠαπαδάτος Γιάννης
_96826
700 1 _aΧρούσος Γεώργιος
_96873
942 _cBK
999 _c7352
_d7352